书目信息 |
| 题名: |
考研英语历年真题超精解
|
|
| 作者: | 丁晓钟 主编 | |
| 分册: | ||
| 出版信息: | 哈尔滨 哈尔滨工程大学出版社 2013.06 |
|
| 页数: | 406页 | |
| 开本: | 28cm | |
| 丛书名: | ||
| 单 册: | ||
| 中图分类: | H319.6 | |
| 科图分类: | ||
| 主题词: | 英语 | |
| 电子资源: | ||
| ISBN: | 7-81133-769-X | |
| 000 | 00614nam0 2200193 450 | |
| 001 | 1656809081 | |
| 005 | 20160406155028.32 | |
| 010 | @a7-81133-769-X@dCNY58.00 | |
| 100 | @a20160406d2013 km y0chiy0120 ea | |
| 101 | 0 | @achi |
| 102 | @aCN@b230000 | |
| 200 | 1 | @a考研英语历年真题超精解@Akao yan ying yu li nian zhen ti chao jing jie@f丁晓钟主编@Fding xiao zhong zhu bian |
| 210 | @a哈尔滨@c哈尔滨工程大学出版社@d2013.06 | |
| 215 | @a406页@d28cm | |
| 606 | 0 | @a英语 |
| 690 | @aH319.6@v4 | |
| 701 | 0 | @a丁晓钟@Ading xiao zhong@4主编 |
| 801 | 0 | @aCN@b大连网信软件有限公司图书馆·11@c20160406 |
| 905 | @aZUCC@dH319.6@eD589 | |
| 考研英语历年真题超精解/丁晓钟主编.-哈尔滨:哈尔滨工程大学出版社,2013.06 |
| 406页;28cm |
| ISBN 7-81133-769-X:CNY58.00 |
| ● |
| 相关链接 |
|
|
|
正题名:考研英语历年真题超精解
索取号:H319.6/D589
 
预约/预借
| 序号 | 登录号 | 条形码 | 馆藏地/架位号 | 状态 | 备注 |
| 1 | 1222382 | 212223823 | 语言库209/209语言库 57排1列4层/ [索取号:H319.6/D589] | 在馆 |